Materials development in language teaching

Gardado en:
Detalles Bibliográficos
Autor Principal: Tomlinson, Brian (Author)
Formato: Libro
Idioma:inglés
Publicado: Cambridge Cambridge University Press 2011
Edición:2a. ed
Series:Language Teaching Library
Subjects:
Tags: Engadir etiqueta
Sen Etiquetas, Sexa o primeiro en etiquetar este rexistro!

MARC

LEADER 00000cam a2200000 a 4500
001 UCC3067
003 CL-VaPUC
008 180413e20110000uk |||||||||||||||||eng|d
020 |a 9780521157049 
082 0 4 |a 418.0071  |b TOM  |2 21 
100 0 |a Tomlinson, Brian  |e author  |9 597123 
245 1 0 |a Materials development in language teaching 
250 |a 2a. ed 
300 |a 451 p 
942 |c BK 
945 |d 20180413 15:45:00  |a dcastane 
260 |a Cambridge  |b Cambridge University Press  |c 2011 
650 7 |a LENGUA Y LENGUAJES  |2 CL-VaPUC  |9 562730 
650 0 |a Estudio y enseñanza  |9 270395 
583 |a last modification  |c 20180413 15:45:00  |k Rodrigo Vera 
490 0 |a Language Teaching Library 
999 |c 370926  |d 370924 
952 |0 0  |1 0  |3 erb  |4 0  |6 418_007100000000000_TOM_2011  |7 0  |8 A  |9 487700  |a BIBEDU  |b BIBEDU  |c ES_NOD  |i 5464927  |o 418.0071 TOM 2011  |p 5464927  |r 2023-08-09  |w 2019-11-24  |y BK  |z Catalogado en:20180413  |k LIT